00453nam a2200133Ia 4500008004100000100001800041245011500059245001800174260005900192260000900251650001800260650001500278856002600293170221s9999 xx 000 0 und d aHatem EL Zein 4aThe intersection of interests between Al-Jazeera and Al-Qaida in the era of “War on Terror” Hatem EL Zein  cHatem EL Zein bOnline Journal of Communication and Media Technologies c2015 xCommunication xMedia Arts uhttp://www.ojcmt.net/